000 00662pam a2200229 a 4500
001 3750008
005 20180312045258.0
008 820216s1982 nyua b 000 0 eng
010 _a 82003410
020 _a0884270513 :
_c$10.95
040 _aDLC
_cDLC
_dDLC
041 _aeng
043 _an-us---
080 _a353.01 byr
082 0 0 _a353.01 byr
_219
100 1 _a50
101 _apsi
245 1 0 _aB.S., the bureaucratic syndrome /
_cby Byron L. Johnson & Robert Ewegen ; [book and jacket illustrations by Jerry Breen].
740 0 _aBS-- the bureaucratic syndrome.
906 _a7
_bcbc
_corignew
_d1
_eocip
_f19
_gy-gencatlg
942 _2ddc
_cBK
999 _c44678
_d44678